[Event "Bratislava Slovakia op"]
[Site "Bratislava"]
[Date "2022.09.30"]
[Round "2"]
[White "Nedoba, Jakub"]
[Black "Slivka, Vasil"]
[Result "0-1"]
[WhiteElo "1160"]
[BlackElo "1569"]
[PlyCount "98"]
[EventDate "2022.09.30"]
[EventType "swiss (rapid)"]
[EventRounds "9"]
[EventCountry "SVK"]
[SourceTitle "CBM 210 Extra"]
[Source "ChessBase"]
[SourceDate "2022.11.30"]
[SourceVersion "1"]
[SourceVersionDate "2022.11.30"]
[SourceQuality "1"]

1. d4 Nf6 2. Bf4 g6 3. Nc3 d6 4. e4 Bg7 5. Qd2 b6 6. 0-0-0 Bb7 7. Re1 Nbd7 8. Bh6 0-0 9. Bxg7 Kxg7 10. h4 h5 11. f3 e5 12. d5 a5 13. Be2 Nc5 14. g4 Ba6 15. gxh5 Nxh5 16. Bxa6 Nxa6 17. Nge2 Rh8 18. Reg1 Nc5 19. Ng3 Nf4 20. h5 g5 21. Nce2 f6 22. h6+ Kf7 23. Nf5 Rh7 24. Nxf4 exf4 25. Qh2 Qg8 26. Qh5+ Qg6 27. Qxg6+ Kxg6 28. Kd2 Nd7 29. Rh2 Ne5 30. Ke2 a4 31. b3 axb3 32. axb3 Ra2 33. Rc1 b5 34. Rh3 b4 35. Kd2 Ra5 36. Rg1 Rc5 37. Rc1 Rc3 38. Rf1 Rh8 39. Kc1 Kh7 40. Ng7 Ra8 41. Ne6 Ra1+ 42. Kd2 Rxf1 43. Nf8+ Kh8 44. h7 Rfxf3 45. Rh6 Rh3 46. Rxf6 Rh2+ 47. Ke1 Rcxc2 48. Kd1 Rhd2+ 49. Ke1 Nd3+ 0-1

[Event "Liptovsky Jan op"]
[Site "Liptovsky Jan"]
[Date "2022.06.26"]
[Round "6"]
[White "Bohacek, Ludovit"]
[Black "Nedoba, Jakub"]
[Result "1-0"]
[WhiteElo "1565"]
[BlackElo "1158"]
[PlyCount "57"]
[EventDate "2022.06.23"]
[EventType "swiss"]
[EventRounds "7"]
[EventCountry "SVK"]
[SourceTitle "CBM 209 Extra"]
[Source "ChessBase"]
[SourceDate "2022.09.30"]
[SourceVersion "1"]
[SourceVersionDate "2022.09.30"]
[SourceQuality "1"]

1. e4 c6 2. c4 d5 3. cxd5 cxd5 4. Bb5+ Bd7 5. Bxd7+ Qxd7 6. e5 Nc6 7. d4 e6 8. Ne2 Nge7 9. Ng3 Ng6 10. 0-0 Be7 11. Nc3 0-0 12. f4 f5 13. Be3 a6 14. Rc1 Qd8 15. Na4 Rc8 16. Nc5 Bxc5 17. Rxc5 b6 18. Rc1 a5 19. Qa4 b5 20. Qxb5 Na7 21. Qa6 Rf7 22. Qxe6 Nf8 23. Qa6 Ra8 24. Qd3 Ne6 25. Nxf5 g6 26. Nd6 Rg7 27. Qb3 g5 28. Qxd5 gxf4 29. Qxe6+ 1-0

[Event "Liptovsky Jan op"]
[Site "Liptovsky Jan"]
[Date "2022.06.25"]
[Round "5"]
[White "Nedoba, Jakub"]
[Black "Ihnat, Marek"]
[Result "1-0"]
[WhiteElo "1158"]
[BlackElo "1437"]
[PlyCount "35"]
[EventDate "2022.06.23"]
[EventType "swiss"]
[EventRounds "7"]
[EventCountry "SVK"]
[SourceTitle "CBM 209 Extra"]
[Source "ChessBase"]
[SourceDate "2022.09.30"]
[SourceVersion "1"]
[SourceVersionDate "2022.09.30"]
[SourceQuality "1"]

1. d4 d5 2. Bf4 c5 3. c3 e6 4. e3 Nc6 5. Bd3 c4 6. Bc2 Bd7 7. Nf3 Nf6 8. Nbd2 b5 9. a3 Be7 10. Qb1 h6 11. Ne5 0-0 12. Ndf3 Nh5 13. h4 Nxf4 14. exf4 Nxe5 15. fxe5 f6 16. g4 fxe5 17. Nxe5 Bxh4 18. Bh7+ 1-0

[Event "Liptovsky Jan Slovak op U2200"]
[Site "Liptovsky Jan"]
[Date "2021.06.19"]
[Round "4"]
[White "Nedoba, Jakub"]
[Black "Bella, Lubomir"]
[Result "0-1"]
[WhiteElo "1305"]
[BlackElo "1600"]
[PlyCount "38"]
[EventDate "2021.06.17"]
[EventType "swiss"]
[EventRounds "7"]
[EventCountry "SVK"]
[SourceTitle "CBM 203 Extra"]
[Source "ChessBase"]
[SourceDate "2021.09.30"]
[SourceVersion "1"]
[SourceVersionDate "2021.09.30"]
[SourceQuality "1"]

1. e4 e6 2. d4 d5 3. exd5 exd5 4. Nf3 Bd6 5. Bd3 Nf6 6. Bg5 Bg4 7. Nbd2 0-0 8. 0-0 Nbd7 9. Re1 c6 10. c3 Qc7 11. Qc2 h6 12. Bh4 Rae8 13. b4 Bf4 14. Be2 Ne4 15. Nxe4 dxe4 16. Ne5 Nxe5 17. Bxg4 Nxg4 18. Bg3 Bxg3 19. fxg3 Nf6 0-1